[Event "Goch op 23rd"]
[Site "Goch"]
[Date "2012.09.01"]
[Round "5"]
[White "Backes, Juergen"]
[Black "Just, Niels"]
[Result "1-0"]
[WhiteElo "1716"]
[BlackElo "1069"]
[PlyCount "57"]
[EventDate "2012.08.30"]
[EventType "swiss"]
[EventRounds "7"]
[EventCountry "GER"]
[SourceTitle "EXT 2015"]
[Source "ChessBase"]
[SourceDate "2014.11.20"]
[SourceVersion "1"]
[SourceVersionDate "2014.11.20"]
[SourceQuality "1"]

1. d4 d5 2. Nf3 Nc6 3. g3 Nf6 4. Bg2 Bf5 5. c3 e6 6. Bg5 Be7 7. Nbd2 0-0 8. Nh4 Ng4 9. Bxe7 Nxe7 10. Nxf5 Nxf5 11. e4 dxe4 12. Qxg4 Nh6 13. Qxe4 c6 14. 0-0 Qc7 15. Nf3 Rfe8 16. Qe5 Qd7 17. Rad1 f6 18. Qf4 Qe7 19. Rfe1 g5 20. Qd2 Rad8 21. h4 Rd5 22. c4 Rf5 23. d5 cxd5 24. cxd5 Rxd5 25. Qxd5 exd5 26. Rxe7 Rxe7 27. hxg5 fxg5 28. Nxg5 Rd7 29. Rxd5 1-0

[Event "Goch op 23rd"]
[Site "Goch"]
[Date "2012.09.01"]
[Round "4"]
[White "Biryukov, Alice"]
[Black "Just, Niels"]
[Result "1-0"]
[WhiteElo "1847"]
[BlackElo "1069"]
[PlyCount "67"]
[EventDate "2012.08.30"]
[EventType "swiss"]
[EventRounds "7"]
[EventCountry "GER"]
[SourceTitle "EXT 2015"]
[Source "ChessBase"]
[SourceDate "2014.11.20"]
[SourceVersion "1"]
[SourceVersionDate "2014.11.20"]
[SourceQuality "1"]

1. e4 e5 2. Nf3 Nc6 3. Bb5 Nf6 4. 0-0 Bc5 5. d3 0-0 6. Bxc6 bxc6 7. Nxe5 Bb7 8. c3 Be7 9. Be3 d6 10. Nc4 Ba6 11. Na5 Qd7 12. Re1 Rfe8 13. Qc2 c5 14. c4 Ng4 15. Nc3 Ne5 16. f3 Nc6 17. Qa4 Ne5 18. Qxd7 Nxd7 19. Nd5 Bd8 20. Nc6 Bb7 21. Nxd8 Raxd8 22. Nxc7 Re7 23. Nb5 a6 24. Nxd6 Ba8 25. Nf5 Ree8 26. Bf4 Ne5 27. Bxe5 Rxe5 28. Rad1 g6 29. Ne3 Re7 30. Nd5 Bxd5 31. exd5 Rxe1+ 32. Rxe1 Kg7 33. Re7 Rd6 34. Rc7 1-0

[Event "Goch op 23rd"]
[Site "Goch"]
[Date "2012.08.31"]
[Round "3"]
[White "Just, Niels"]
[Black "Oehne, Timo"]
[Result "0-1"]
[WhiteElo "1069"]
[BlackElo "1923"]
[PlyCount "32"]
[EventDate "2012.08.30"]
[EventType "swiss"]
[EventRounds "7"]
[EventCountry "GER"]
[SourceTitle "EXT 2015"]
[Source "ChessBase"]
[SourceDate "2014.11.20"]
[SourceVersion "1"]
[SourceVersionDate "2014.11.20"]
[SourceQuality "1"]

1. e4 c6 2. Nf3 d5 3. exd5 cxd5 4. d4 Nc6 5. Bb5 Qb6 6. Bxc6+ bxc6 7. 0-0 e6 8. Nbd2 Nf6 9. b3 Be7 10. Bb2 0-0 11. Re1 Ba6 12. Ne5 c5 13. dxc5 Bxc5 14. Qf3 Bd4 15. Bxd4 Qxd4 16. c3 Qxd2 0-1